A szkepticizmus kihívása
Elmentve itt :
| Szerző: | |
|---|---|
| Adatforrás: | Philobibl |
| Dokumentumtípus: | Könyv |
| Nyelv: | magyar |
| Kulcsszavak: | szkepticizmus ismeretelmélet filozófia |
| Megjelent: |
Budapest
Áron
1996
|
| LEADER | 00375cam a2200145 c 4500 | ||
|---|---|---|---|
| 001 | bibPHI0041231 | ||
| 005 | 20200924124510.8 | ||
| 008 | 970312s1996 hu b 000 0 hun d | ||
| 100 | 1 | |a Ujvári Márta | |
| 245 | 1 | 2 | |a A szkepticizmus kihívása |c Újvári Márta |
| 260 | |a Budapest |b Áron |c 1996 | ||
| 300 | |a 167 p. | ||
| 695 | |a szkepticizmus | ||
| 695 | |a ismeretelmélet | ||
| 695 | |a filozófia | ||